| 000 | 06904cam a22013814i 4500 | ||
|---|---|---|---|
| 001 | u154556 | ||
| 003 | PE-LiUPU | ||
| 005 | 20250813185317.0 | ||
| 008 | 150922s2009 sp a r 000 0 spa | ||
| 020 | _a8498422558 | ||
| 020 | _a9788498422559 | ||
| 035 | _a(Sirsi) i9788498422559 | ||
| 040 |
_aSpMaBN _bspa _cSpMaBN _dPE-LiUPU _erda |
||
| 049 | _aPRUA | ||
| 080 | _a159.922.8 | ||
| 080 | _a159.94-053.6 | ||
| 082 | 0 | 4 |
_a159.922 _bN89 2009 |
| 082 | 0 | 4 |
_a305.235 _bN89 |
| 100 | 1 |
_aNuevo González, Eliseo, _eautor. |
|
| 245 | 1 | 0 |
_aAdolescentes : _b50 casos problemáticos : análisis psicológico y propuestas educativas / _cEliseo Nuevo González, Diana Sánchez González. |
| 264 | 1 |
_aMadrid : _bCCS, _c2009. |
|
| 300 |
_a352 páginas : _bilustraciones ; _c21 centímetros |
||
| 336 |
_atext _2rdacontent |
||
| 337 |
_aunmediated _2rdamedia |
||
| 338 |
_avolume _2rdacarrier |
||
| 490 | 0 |
_aEducar ; _v51 |
|
| 505 | 0 | _aLos problemas de los adolescentes -- Caso 1. Problemas familiares graves -- Caso 2. El padre maltrata a la madre y a la hija -- Caso 3. Trastornos graves de conducta -- Caso 4. Vive con sus abuelos, cuando debería vivir con su madre -- Caso 5. Fracaso escolar, anorexia y bulimia -- Caso 6. Separación de los padres -- Caso 7. Alumna cuya madre sufre trastornos psiquiátricos -- Caso 8. Alumno hiperactivo y con trastornos graves de la personalidad -- Caso 9. Alumna tímida, solitaria y con trastornos de alimentación -- Caso 10. Alumno superdotado y con fracaso escolar -- Caso 11. Alumna absentistay problemática -- Caso 12. Alumno sordo y deficiente mental -- Caso 13. Alumna anoréxica y enamorada de su profesor -- Caso 14. Hermanos e hijos de madre maltratada y padre presunto violador -- Caso 15. Alumno aislado, hipocondríaco y con problemas familiares graves -- Caso 16. Adolescente delincuente, absentista y «camello» -- Caso 17. Adolescente absentista en centro de acogida -- Caso 18. Alumno con problemas familiares, fracaso escolar y adicción a los «porros» -- Caso 19. Educada en pautas socioculturales contradictorias -- Caso 20. Los malos tratos en casa condicionan sus estudios -- Caso 21. Hermanos, inmigrantes y vinculados a bandas -- Caso 22. Alumna brillante, desbordada por la ansiedad, intenta suicidarse -- Caso 23. Vive con su abuela por abandono de sus padres -- Caso 24. Alumna con cambios bruscos de humor -- Caso 25. Alumna superprotegida -- Caso 26. Trastorno grave de la personalidad -- Caso 27. Adolescente sumido en la angustia vital -- Caso 28. Un hermano maltratador -- Caso 29. A los 14 años, rebelde e iconoclasta; a los 16, sensata y estudiosa -- Caso 30. Problemas familiares y académicos -- Caso 31. Marginación por obesidad -- Caso 32. Padre ludópata, hija responsable -- Caso 33. Adolescente anoréxica y adicta al consumo -- Caso 34. Intento de suicidio por problemas personales y familiares -- Caso 35. Adolescente mentirosa compulsiva -- Caso 36. Intento de suicidio y embarazo no deseado -- Caso 37. Intento de violación por parte de un miembro de la familia -- Caso 38. Hogar conflictivo, hijos problemáticos -- Caso 39. Adicción a Internet -- Caso 40. Hijo adoptivo, violento e integrado en una banda -- Caso 41. Amigas absentistas, mentirosas compulsivas y enemigas del estudio -- Caso 42. Con paciencia todo se consigue -- Caso 43. ¿Tiene problemas o los busca? (deseo de llamar la atención) -- Caso 44. Malos tratos y embarazo no deseado -- Caso 45. Malos tratos y riesgo de violación en su hogar -- Caso 46. Creció sin normas y su madre es alcohólica -- Caso 47. Consecuencias de la inestabilidad emocional -- Caso 48. Dificultades de aprendizaje por causas neurológicas -- Caso 49. Absentismo por abandono familiar -- Caso 50. Sola entre dos fuegos -- Pautas educativas en la adolescencia. | |
| 526 | _aP202 | ||
| 526 | _aP201 | ||
| 526 | _aP163 | ||
| 526 | _aP162 | ||
| 526 | _aP161 | ||
| 526 | _aP160 | ||
| 526 | _aP148 | ||
| 526 | _aP147 | ||
| 526 | _aP146 | ||
| 526 | _aP145 | ||
| 526 | _aP144 | ||
| 526 | _aP143 | ||
| 526 | _aP142 | ||
| 526 | _aP141 | ||
| 526 | _aP140 | ||
| 526 | _aP139 | ||
| 526 | _aP138 | ||
| 526 | _aP137 | ||
| 526 | _aP136 | ||
| 526 | _aP135 | ||
| 526 | _aP134 | ||
| 526 | _aP133 | ||
| 526 | _aP129 | ||
| 526 | _aP128 | ||
| 526 | _aP127 | ||
| 526 | _aP120 | ||
| 526 | _aP119 | ||
| 526 | _aP118 | ||
| 526 | _aP116 | ||
| 526 | _aP115 | ||
| 526 | _aP114 | ||
| 526 | _aP110 | ||
| 526 | _aP109 | ||
| 526 | _aP108 | ||
| 526 | _aP104 | ||
| 526 | _aP103 | ||
| 526 | _aP102 | ||
| 526 | _aP99 | ||
| 526 | _aP98 | ||
| 526 | _aP97 | ||
| 526 | _aP96 | ||
| 526 | _aP95 | ||
| 526 | _aP93 | ||
| 526 | _aP90 | ||
| 526 | _aP89 | ||
| 526 | _aP88 | ||
| 526 | _aP83 | ||
| 526 | _aP82 | ||
| 526 | _aP62 | ||
| 526 | _aP59 | ||
| 526 | _aP58 | ||
| 526 | _aP57 | ||
| 526 | _aP51 | ||
| 526 | _aP49 | ||
| 526 | _aP48 | ||
| 526 | _aP47 | ||
| 526 | _aP29 | ||
| 526 | _aP24 | ||
| 526 | _aP20 | ||
| 526 | _aP19 | ||
| 526 | _aP17 | ||
| 526 | _aP15 | ||
| 526 | _aP14 | ||
| 526 | _aP12 | ||
| 526 | _aP10 | ||
| 526 | _aP09 | ||
| 526 | _aP08 | ||
| 526 | _aP07 | ||
| 526 | _aP06 | ||
| 526 | _aP05 | ||
| 526 | _aP04 | ||
| 526 | _aP01 | ||
| 526 | 8 |
_iPrograma academico : _5PE-LiUPU |
|
| 541 | _g0001-0042199 | ||
| 541 | _g001-0039831; | ||
| 596 | _a1 2 3 | ||
| 650 | 1 | 7 |
_aAdolescentes _xPsicología. _2embne |
| 650 | 2 | 7 |
_aConducta _xTrastornos en adolescentes. _2embne |
| 700 | 1 |
_aSánchez González, Diana, _eautor. |
|
| 910 |
_ajck _b _ccce _d20150922 |
||
| 910 |
_cwelc _d20161010 |
||
| 942 |
_2ddc _cBOOK |
||
| 994 |
_aC0 _bPEPRU |
||
| 949 |
_a159.922 N89 2009 _wDEWEY _c1 _iFJ02739 _lCCODEBUJ1 _mBUJ _n11 _p20.50 _q4 _r0 _sY _tBOOK _u2015-10-7 _xSALUD _PP33 _0COMPRA _o.STAFF. Colección General Juliaca |
||
| 949 |
_a305.235 N89 _wDEWEY _c1 _i76836 _d2018-5-8 _f2018-2-11 _g1 _lCCODEBUL1 _mBUL _p25.02 _q4 _r0 _sY _tBOOK _u2017-10-25 _xSALUD _PP33 _0COMPRA _o.STAFF. Colección Ciencias de la Salud |
||
| 949 |
_a305.235 N89 _wDEWEY _c1 _iFT02927 _lCCODEBUT1 _mBUT _r0 _sY _tBOOK _u2015-9-23 _xSALUD _o.STAFF. Colección General |
||
| 999 |
_a305.235 N89 _wDEWEY _c7258 _iFT02927 _f2019-2-20 _g1 _lCCODEBUT1 _mBUT _r0 _sY _tBOOK _u2015-9-23 _xSALUD _o.STAFF. Colección General _d7258 |
||
| 999 |
_a159.922 N89 2009 _wDEWEY _c1 _iFJ02739 _d2019-11-13 _e2018-6-19 _f2022-1-17 _g4 _lCCODEBUJ1 _mBUJ _n14 _p20.50 _q12 _r1 _sY _tBOOK _u2015-10-7 _xSALUD _PP33 _0COMPRA _o.STAFF. Colección General Juliaca |
||
| 999 |
_a305.235 N89 _wDEWEY _c1 _i76836 _d2019-4-7 _e2019-4-2 _f2021-11-3 _g4 _lCCODEBUL1 _mBUL _n1 _p25.02 _q5 _r0 _sY _tBOOK _u2017-10-25 _xSALUD _PP33 _0COMPRA _o.STAFF. Colección Ciencias de la Salud |
||
| 980 |
_81 _gALBERTO SANCHEZ Responsable de Automatización |
||